Almost Useless Pop Culture Trivia II Quiz Stats

 Plays Quiz not verified by Sporcle

Challenge
Share
Tweet
Embed
Score 0/20 Timer 05:00
0 Plays Today
Question Answer % Correct
The 'Spice Girls' were 'Posh' 'Sporty' 'Baby' 'Scary' and '____'? Ginger
75.2%
What Nickname did motorcycle stunt performer Robert Craig Knievel go by?Evel
54.5%
Fill in the Blank 'When you eat your smarties do you eat the '___ ' ones last'Red
50.4%
Who was the drummer before Ringo Starr in the 'Beatles'Randolph Peter 'Pete' Best
46.3%
How many years old was 'Rose' at the end of the movie 'The Titanic'100 Years
45.5%
Chocolate Bar slogan - Peter Paul 'Almond Joys got nuts...Peter Paul '_____' don'tMounds
40.5%
What is the only U.S. State that can be typed on one row of keyboard keysAlaska
33.9%
From the Tv Pilot until the Tv Movie 'Rescue from Gilligan's Island' how many years were Gilligan and his friends stranded on the island14 Years (1964-1978)
27.3%
What does a man suffering from Polyorchidism have at least three of?Testicles
24.8%
In the 1960's Tv Series 'Lost In Space' in what year is the show set? Hint: It's between (1965-2015)1997
20.7%
Question Answer % Correct
What is the real/birth name of singer 'Alice Cooper' First or Last nameVincent Damon Furnier
16.5%
In 'The Year Without A Santa Claus' who sang 'I'm Mr Green Christmas, I'm Mr Sun, I'm Mr Heat Blister, I'm Mr Hundred and One'Heat Miser
15.7%
How fast (to the 100th of a second..Example 9.XX) did 'Ben Johnson' run in the 1988 Olympics Final of the 100m dash before being disqualified 9.79 seconds
14.9%
What is the name of Tonto's horse from the Tv series 'The Lone Ranger'Scout
10.7%
What is the name of the Monkey friend of Zan and Jayna 'The Wonder Twins'Gleek
9.1%
Which heavy set comedian was 1st cast as Balki's cousin on the Tv show 'Perfect Strangers' but was replaced after filming a pilot episodeLouie Anderson
7.4%
'Kramer' was the last name of Cosmo Kramer on 'Seinfeld' but in the Pilot episode he had a different last name, what was it?Kessler
5.8%
In what fictional town do 'Beavis and Butthead' liveHighland
3.3%
Who holds the NHL record for most points in one game in the Stanley Cup Final with 5Jari Kurri
1.7%
What is the name of the heavy set kid who is the catcher for the 'Bad News Bears'Mike Engelberg
1.7%

You're not logged in!

Compare scores with friends on all Sporcle quizzes.
OR
Log In

You Might Also Like...

Show Comments

Extras

Top Quizzes Today


Score Distribution

Your Account Isn't Verified!

In order to create a playlist on Sporcle, you need to verify the email address you used during registration. Go to your Sporcle Settings to finish the process.

Report this User

Report this user for behavior that violates our Community Guidelines.

Details: